Gravity Falls Characters-Hard Mode - Statistics

General Stats
  • This quiz has been taken 851 times
    181 since last reset
  • The average score is 34 of 140
Answer Stats
Answer % Correct
Dipper Pines
99%
Stanley Pines
99%
Soos Ramirez
98%
Mabel Pines
97%
Wendy Corduroy
97%
Stanford Pines
95%
Creggy G.
93%
Leggy P.
83%
Creggy C.
80%
Gideon Gleeful
77%
Bill Cipher
74%
Robbie Valentino
71%
Waddles
69%
Fiddleford McGucket
68%
Pacifica Northwest
67%
Candy Chiu
64%
Grenda Grendinator
58%
Grenda jr.
58%
Lazy Susan Wentworth
56%
Tate McGucket
54%
Manly Dan Corduroy
50%
Sheriff Blubs
50%
Chubby Z.
49%
Bud Gleeful
47%
Schmebulock
47%
Tambry
45%
Preston Northwest
44%
Toby Determined
42%
Deputy Durland
41%
Thompson
41%
Priscilla Northwest
37%
Blendin Blanden
36%
8 Ball
35%
Mermando
34%
Lee
31%
Time Baby
31%
GIFfany
30%
Gus Corduroy
29%
Kevin Corduroy
29%
Marcus Corduroy
29%
Filbrick Pines
28%
Gompers
28%
Love God
28%
Abuelita
27%
Deep Chris
27%
D’Shawn
27%
Nate
27%
Shapeshifter
27%
Caryn Pines
26%
Celestabellebethabelle
26%
Wax Sherlock Holmes
26%
Mrs. Gleeful
25%
Multibear
25%
Tad Strange
23%
Wax Larry King
22%
Jeff
21%
Quentin Trembley
21%
Melody
20%
Teeth
20%
Tyler Cutebiker
20%
Greg Valentino
19%
Janice Valentino
19%
Gobblewonker
18%
Key Hole
18%
Mr. Poolcheck
18%
Summerween Trickster
18%
Agent Trigger
16%
Zanthar
16%
Pyronica
15%
Shandra Jimenez
15%
Tyrone
15%
Wax Coolio
15%
Agent Powers
14%
Hand Witch
13%
Wax Genghis Khan
13%
Wax Shakespeare
13%
Blind Ivan
12%
Craz
12%
Probabilitor the Annoying
12%
Rumble Mcskirmish
12%
Xyler
12%
Pizza guy
10%
Big Henry
9%
Hectorgon
9%
Beardy
8%
Ghost Eyes
8%
Gremloblin
8%
Woodpecker
8%
Franz
7%
Hidebehind
7%
Kryptos
7%
Lolph
7%
Mayor Befufftlefumpter
7%
Pterodactyl
7%
America Guy
6%
Dave
6%
Hot Elf
6%
Amorphous Shape
5%
Angry Lady
5%
Paci Fire
5%
Tats
5%
Bats Biker
4%
Cheekums
4%
Chutzpar
4%
Dungren
4%
Gabe Bensen
4%
Ghost of Northwest Manor
4%
Gorney
4%
Leaderaur
4%
Octavia
4%
Polly
4%
Pop Pop
4%
Pubetor
4%
Reginald
4%
Smabble
4%
Sprott
4%
Testosteraur
4%
Wax Groucho Marx
4%
Wax Nixon
4%
Woodpecker Guy
4%
Davey
3%
Earl
3%
Emmett
3%
Ergman Bratsman
3%
Killbone
3%
Ma Duskerton
3%
Marius Von Fundshauser
3%
Mattress King
3%
Pa Duskerton
3%
Pituitaur
3%
Rosanna
3%
Shmipper
3%
T-Rex
3%
Wax Lizzie Borden
3%
Wax Queen Elizabeth II
3%
Wax Robin Hood
3%
Wax Thomas Edison
3%
Compsognathus
2%
Jimmy
2%
Wax Edgar Allen Poe
2%
No matching quizzes found
Score Distribution
Percent of People with Each Score
Percentile by Number Answered
Your Score History
You have not taken this quiz since the last reset